00954nam a2200241 a 45000010009000000050017000090080041000260200015000670200018000820400059001000410008001592450142001672460064003092600051003733000033004244900030004576500040004876500036005276500057005637000033006207000040006537000019006931357007220180208082506.0160913s2011 mx a gr 000 0 spa d a968232453X a9789682324536 aCo-BoUCMbspacSaul Niño (Modificó)dEdgar Pinilla aspa04aLas ciudades latinoamericanas en el nuevo (des)orden mundial cPatricio Navia y Marc Zimmerman, coordinadores ; Saskia Sassen...[y otros] aLas ciudades latinoamericanas en el nuevo desorden mundial  aCiudad de México (México)bSiglo XXIc2011 a443 páginasbilustraciones0 aSociología y política04aCiudades y puebloszLatinoamérica04aUrbanizaciónzLatinoamérica04aGlobalizaciónxAspectos socialeszAmérica Latina1 aNavia, Patricioecoordinador1 aZimmerman, Marcd1939-ecoordinador1 aSassen, Saskia